Statistics for Beta Squad Members.

Click here to take the quiz!

General Stats

  • This quiz has been taken 16 times
  • The average score is 4 of 5

Answer Stats

HintAnswer% Correct
3.Chunkz
100%
1.Niko Omilana
93%
5.AJ Shabeel
93%
4.Sharky
86%
2.KingKennyTv
57%

Score Distribution

Percentile by Number Answered

Percent of People with Each Score

Your Score History

You have not taken this quiz